| 000 | 00786nam a22002897a 4500 | ||
|---|---|---|---|
| 005 | 20170307134206.0 | ||
| 008 | 160504b xxu||||| |||| 00| 0 spa d | ||
| 020 | _a9788415781158 | ||
| 041 | _aspa | ||
| 082 | _a395 C961pr8 | ||
| 245 | _aProtocolo y comunicación en la empresa y los negocios | ||
| 250 | _a8 edición | ||
| 260 | _aEspaña | ||
| 260 | _bFundación Confemetal | ||
| 300 | _a502 páginas | ||
| 650 |
_aPROTOCOLO _92781 |
||
| 650 |
_aCOMUNICACIÓN _9490 |
||
| 650 |
_aCORTESÍA EMPRESARIAL _92783 |
||
| 650 |
_aCORTESÍA SOCIAL _92784 |
||
| 650 |
_aIMAGEN PERSONAL _92785 |
||
| 650 |
_aINVITADOS _95238 |
||
| 650 |
_aTELÉFONOS _95272 |
||
| 650 |
_aREUNIONES _91559 |
||
| 650 |
_aORGANIZACIÓN DE ACTOS _92798 |
||
| 650 |
_aORGANIGRAMAS _96895 |
||
| 942 | _cBK | ||
| 999 |
_c8036 _d8036 |
||